ბათუმის შოთა რუსთაველის სახელმწიფო უნივერსიტეტის ბიბლიოთეკა

Organization: Contemporary Principles and Practice (ბიბ.ჩანაწერი № 51439)

000 -LEADER
fixed length control field 00545nam a2200205Ia 4500
001 - CONTROL NUMBER
control field 18425
003 - CONTROL NUMBER IDENTIFIER
control field GE_BSU
008 - FIXED-LENGTH DATA ELEMENTS--GENERAL INFORMATION
fixed length control field 181216s||||||||xx |||||||||||||| ||und||
020 ## - INTERNATIONAL STANDARD BOOK NUMBER
International Standard Book Number 9781405116589
040 ## - CATALOGING SOURCE
Transcribing agency GE_BSU
100 ## - MAIN ENTRY--PERSONAL NAME
Personal name Child, John
245 ## - TITLE STATEMENT
Title Organization: Contemporary Principles and Practice
260 ## - PUBLICATION, DISTRIBUTION, ETC.
Place of publication, distribution, etc. Malden
260 ## - PUBLICATION, DISTRIBUTION, ETC.
Name of publisher, distributor, etc. Blackwell
260 ## - PUBLICATION, DISTRIBUTION, ETC.
Date of publication, distribution, etc. 2005
300 ## - PHYSICAL DESCRIPTION
Extent 424 p. 25cm.
653 ## - INDEX TERM--UNCONTROLLED
Uncontrolled term Organization: Contemporary Principles and Practice
653 ## - INDEX TERM--UNCONTROLLED
Uncontrolled term მართვა. მენეჯმენტი
942 ## - ADDED ENTRY ELEMENTS (KOHA)
Koha item type წიგნი
ეგზემპლარები
Withdrawn status Lost status Damaged status Not for loan Date acquired Barcode Date last seen Price effective from Koha item type
        2018-12-17 47253 2018-12-17 2018-12-17 წიგნი